[Event "Gold Coast Parkroyal op"]
[Site "Gold Coast"]
[Date "2000.06.10"]
[Round "4"]
[White "Allen, Andrew"]
[Black "Rogers, Ian"]
[Result "0-1"]
[WhiteElo "2264"]
[BlackElo "2562"]
[PlyCount "49"]
[EventDate "2000.06.07"]
[EventType "swiss"]
[EventRounds "9"]
[EventCountry "AUS"]
[SourceTitle "CBM 076 Extra"]
[Source "ChessBase"]
[SourceDate "2000.07.11"]
[SourceVersion "1"]
[SourceVersionDate "2000.07.11"]
[SourceQuality "1"]

1. d4 Nf6 2. Nf3 g6 3. c4 Bg7 4. Nc3 0-0 5. e4 d6 6. Be2 Na6 7. 0-0 e5 8. Be3 Qe8 9. dxe5 dxe5 10. h3 Nh5 11. c5 c6 12. Nd2 Nf4 13. Nc4 Qe7 14. Nd6 Bxh3 15. Bxf4 exf4 16. gxh3 Nxc5 17. Nc4 Rad8 18. Qc2 Qg5+ 19. Kh2 f3 20. Bxf3 b5 21. Ne2 bxc4 22. Qxc4 Rd2 23. Rad1 Be5+ 24. Kh1 Rxe2 25. Qc1 0-1

[Event "Gold Coast Parkroyal op"]
[Site "Gold Coast"]
[Date "2000.06.08"]
[Round "2"]
[White "Allen, Andrew"]
[Black "Weeks, Manuel William"]
[Result "1-0"]
[WhiteElo "2264"]
[BlackElo "2249"]
[PlyCount "87"]
[EventDate "2000.06.07"]
[EventType "swiss"]
[EventRounds "9"]
[EventCountry "AUS"]
[SourceTitle "CBM 076 Extra"]
[Source "ChessBase"]
[SourceDate "2000.07.11"]
[SourceVersion "1"]
[SourceVersionDate "2000.07.11"]
[SourceQuality "1"]

1. Nf3 Nf6 2. c4 e6 3. g3 d5 4. d4 c6 5. Qc2 Be7 6. Bg2 0-0 7. Nbd2 Nbd7 8. 0-0 b6 9. b3 Bb7 10. Bb2 Rc8 11. e4 c5 12. exd5 exd5 13. Rfe1 dxc4 14. Nxc4 b5 15. Qe2 bxc4 16. Qxe7 Qa5 17. Ne5 Bxg2 18. Nxd7 Nxd7 19. Qxd7 Bc6 20. Qg4 Rce8 21. Rec1 Re4 22. Qg5 Re2 23. Bc3 Qd8 24. Qxd8 Rxd8 25. dxc5 cxb3 26. axb3 Rd7 27. Rd1 Rxd1+ 28. Rxd1 f6 29. h3 Rc2 30. Bd4 a6 31. g4 Kf7 32. Kh2 Ke6 33. Kg3 g6 34. Rd3 f5 35. Be3 Bd5 36. b4 fxg4 37. hxg4 Rb2 38. Bd2 Bc4 39. Rd6+ Ke7 40. Bg5+ Kf7 41. Rd7+ Kg8 42. c6 Rc2 43. c7 Be6 44. Re7 1-0

[Event "Doeberl Cup 38th"]
[Site "Canberra"]
[Date "2000.04.24"]
[Round "7"]
[White "Szuveges, Grant"]
[Black "Allen, Andrew"]
[Result "1/2-1/2"]
[WhiteElo "2203"]
[BlackElo "2264"]
[PlyCount "87"]
[EventDate "2000.04.01"]
[EventType "swiss"]
[EventRounds "7"]
[EventCountry "AUS"]
[SourceTitle "EXT 2001"]
[Source "ChessBase"]
[SourceDate "2000.11.22"]
[SourceVersion "1"]
[SourceVersionDate "2000.11.22"]
[SourceQuality "1"]

1. d4 Nf6 2. c4 c5 3. Nf3 e6 4. Nc3 d5 5. cxd5 Nxd5 6. dxc5 Nxc3 7. Qxd8+ Kxd8 8. bxc3 Bxc5 9. Ng5 Ke7 10. Ne4 Nd7 11. Nxc5 Nxc5 12. Ba3 b6 13. 0-0-0 Bb7 14. Bxc5+ bxc5 15. e3 Rhd8 16. Rxd8 Rxd8 17. f3 Bd5 18. c4 Bc6 19. Be2 Rb8 20. Kc2 Ba4+ 21. Kc3 Bc6 22. Bd3 h6 23. Rb1 Rxb1 24. Bxb1 g5 25. Kd3 f5 26. Ke2 f4 27. g4 Kf6 28. Bd3 Ke5 29. Bc2 Bb7 30. Bd3 Bc6 31. Bc2 Be8 32. Kd2 Bc6 33. Ke2 Be8 34. Kd2 h5 35. h3 h4 36. Ke2 Bc6 37. Bd1 a5 38. Kd3 Be8 39. e4 Bc6 40. a4 Bb7 41. Bc2 Ba8 42. Bd1 Bb7 43. Bc2 Ba8 44. Bd1 1/2-1/2

[Event "Oz.com qual blitz"]
[Site "ICC INT"]
[Date "2000.03.05"]
[Round "5"]
[White "Allen, Andrew"]
[Black "Albarran, Gustavo Eduardo"]
[Result "1-0"]
[WhiteElo "2264"]
[BlackElo "2192"]
[PlyCount "85"]
[EventDate "2000.03.05"]
[EventType "swiss (blitz)"]
[EventRounds "9"]
[EventCountry "USA"]
[SourceTitle "EXT 2001"]
[Source "ChessBase"]
[SourceDate "2000.11.22"]
[SourceVersion "1"]
[SourceVersionDate "2000.11.22"]
[SourceQuality "1"]

1. Nf3 c5 2. g3 b6 3. Bg2 Bb7 4. c4 Nf6 5. 0-0 e6 6. Nc3 a6 7. Re1 d6 8. e4 Nbd7 9. d4 cxd4 10. Nxd4 Qc7 11. Qe2 Rc8 12. Bd2 Be7 13. Rac1 0-0 14. b3 Rfe8 15. h3 Bf8 16. g4 Ne5 17. g5 Nfd7 18. f4 Nc6 19. Nf3 g6 20. Nd5 Qd8 21. Bc3 exd5 22. cxd5 Na7 23. Qf2 Nb5 24. Bb2 Bg7 25. a4 Rxc1 26. Rxc1 Nc7 27. Nd4 Nc5 28. Qc2 b5 29. h4 b4 30. h5 a5 31. h6 Bh8 32. Rd1 Qd7 33. Kh2 Qg4 34. Rf1 Ba6 35. Rf3 Re7 36. Nc6 Rxe4 37. Bxh8 Kxh8 38. Qb2+ Re5 39. fxe5 Ne4 40. exd6+ f6 41. dxc7 Qxg5 42. Qe2 f5 43. Qxa6 1-0

[Event "Oz.com qual blitz"]
[Site "ICC INT"]
[Date "2000.03.05"]
[Round "1"]
[White "Allen, Andrew"]
[Black "Volkov, Sergey"]
[Result "0-1"]
[WhiteElo "2264"]
[BlackElo "2582"]
[PlyCount "36"]
[EventDate "2000.03.05"]
[EventType "swiss (blitz)"]
[EventRounds "9"]
[EventCountry "USA"]
[SourceTitle "EXT 2001"]
[Source "ChessBase"]
[SourceDate "2000.11.22"]
[SourceVersion "1"]
[SourceVersionDate "2000.11.22"]
[SourceQuality "1"]

1. d4 d5 2. c4 e6 3. Nc3 c6 4. Nf3 dxc4 5. a4 Bb4 6. e3 b5 7. Bd2 Qb6 8. axb5 cxb5 9. Ne5 Nf6 10. b3 Nd5 11. Nxd5 Bxd2+ 12. Kxd2 exd5 13. bxc4 bxc4 14. Qa4+ Nd7 15. Be2 Qb2+ 16. Qc2 c3+ 17. Kd3 Nxe5+ 18. dxe5 Bf5+ 0-1

[Event "Oz.com qual blitz"]
[Site "ICC INT"]
[Date "2000.03.05"]
[Round "6"]
[White "Garcia Correa, Jose Ricardo"]
[Black "Allen, Andrew"]
[Result "1-0"]
[WhiteElo "2275"]
[BlackElo "2264"]
[PlyCount "75"]
[EventDate "2000.03.05"]
[EventType "swiss (blitz)"]
[EventRounds "9"]
[EventCountry "USA"]
[SourceTitle "EXT 2001"]
[Source "ChessBase"]
[SourceDate "2000.11.22"]
[SourceVersion "1"]
[SourceVersionDate "2000.11.22"]
[SourceQuality "1"]

1. e4 c6 2. d4 d5 3. Nc3 dxe4 4. Nxe4 Bf5 5. Ng3 Bg6 6. f4 e6 7. Bc4 Nf6 8. c3 c5 9. Qe2 cxd4 10. f5 Bxf5 11. Nxf5 dxc3 12. Ng3 Qa5 13. Kf1 Bb4 14. Nf3 Nc6 15. bxc3 Bxc3 16. Rb1 0-0-0 17. Bf4 Nd5 18. Bg5 Rd7 19. Bb5 h6 20. Bd2 Bxd2 21. Qxd2 Qxd2 22. Nxd2 Ne3+ 23. Ke2 Nxg2 24. Bxc6 bxc6 25. Rhc1 Kc7 26. Nge4 Rhd8 27. Nc4 f5 28. Nc5 Nf4+ 29. Kf3 Rd4 30. Rb7+ Kc8 31. Rxg7 Nd3 32. Nxd3 Rxd3+ 33. Ke2 Rh3 34. Ne5 Rxh2+ 35. Kf3 Rd6 36. Nxc6 Rxa2 37. Nb4+ Kd8 38. Nxa2 1-0

[Event "Australian Masters"]
[Site "Melbourne"]
[Date "1999.07.08"]
[Round "10"]
[White "Allen, Andrew"]
[Black "Rujevic, Mirko"]
[Result "0-1"]
[WhiteElo "2261"]
[BlackElo "2250"]
[PlyCount "88"]
[EventDate "1999.??.??"]
[EventType "tourn"]
[EventRounds "11"]
[EventCountry "AUS"]
[EventCategory "1"]
[SourceTitle "EXT 2001"]
[Source "ChessBase"]
[SourceDate "2000.11.22"]
[SourceVersion "1"]
[SourceVersionDate "2000.11.22"]
[SourceQuality "1"]

1. Nf3 c5 2. e4 d6 3. d4 cxd4 4. Nxd4 Nf6 5. Nc3 a6 6. f4 Qc7 7. a4 Nc6 8. Nf3 g6 9. Bd3 Bg7 10. 0-0 0-0 11. Qe1 Nb4 12. Kh1 Be6 13. Nb5 Qc5 14. Nbd4 Nxd3 15. cxd3 Bg4 16. Be3 Qh5 17. Rc1 Rac8 18. Qb4 Nd7 19. Qxb7 Rb8 20. Qxa6 Rxb2 21. Nc6 Re8 22. Qa7 Rxg2 23. Kxg2 Qh3+ 24. Kg1 Bxf3 25. Rf2 Bf6 26. Nd4 Bxe4 27. Ne2 Ra8 28. dxe4 Rxa7 29. Bxa7 Qa3 30. Rc4 Kg7 31. Ng3 h5 32. Rfc2 h4 33. Ne2 h3 34. Kf2 e6 35. Nd4 d5 36. exd5 exd5 37. Rc7 Qxa4 38. Ke3 Bd8 39. Rc8 Bb6 40. Bxb6 Nxb6 41. Rd8 Qa3+ 42. Kf2 Qd3 43. Ne6+ Kf6 44. Rc7 Kxe6 0-1

[Event "Australian Masters"]
[Site "Melbourne"]
[Date "1999.06.30"]
[Round "3"]
[White "Allen, Andrew"]
[Black "Hacche, David"]
[Result "1/2-1/2"]
[WhiteElo "2261"]
[BlackElo "2225"]
[PlyCount "45"]
[EventDate "1999.??.??"]
[EventType "tourn"]
[EventRounds "11"]
[EventCountry "AUS"]
[EventCategory "1"]
[SourceTitle "EXT 2001"]
[Source "ChessBase"]
[SourceDate "2000.11.22"]
[SourceVersion "1"]
[SourceVersionDate "2000.11.22"]
[SourceQuality "1"]

1. Nf3 Nf6 2. g3 g6 3. Bg2 Bg7 4. 0-0 0-0 5. c4 c6 6. d4 d5 7. cxd5 cxd5 8. Nc3 Nc6 9. Ne5 Be6 10. f4 Rc8 11. e3 h5 12. Bd2 Nxe5 13. dxe5 Nd7 14. Nb5 Qb6 15. Nd4 Bg4 16. Qb1 e6 17. Bc3 Qa6 18. Re1 Nc5 19. h3 Bf5 20. Nxf5 gxf5 21. Qd1 Ne4 22. Bxe4 dxe4 23. Bd4 1/2-1/2

[Event "Oceania zt"]
[Site "Gold Coast"]
[Date "1999.04.19"]
[Round "7"]
[White "Stawski, Nikolai"]
[Black "Allen, Andrew"]
[Result "1-0"]
[WhiteElo "2045"]
[BlackElo "2261"]
[PlyCount "139"]
[EventDate "1999.04.13"]
[EventType "swiss"]
[EventRounds "9"]
[EventCountry "AUS"]
[SourceTitle "CBM 069 Extra"]
[Source "ChessBase"]
[SourceDate "1999.05.10"]
[SourceVersion "1"]
[SourceVersionDate "1999.05.10"]
[SourceQuality "1"]

1. d4 Nf6 2. Nc3 d5 3. Bg5 Nbd7 4. f3 c5 5. e4 dxe4 6. d5 e3 7. Bxe3 Nb6 8. Bxc5 Nbxd5 9. Nxd5 Qxd5 10. Qxd5 Nxd5 11. 0-0-0 e6 12. Bxf8 Rxf8 13. Rd4 Bd7 14. Nh3 Ke7 15. Bc4 Bc6 16. Re1 Rfd8 17. Nf2 g5 18. Ne4 h6 19. Ng3 Nf4 20. Bf1 Rxd4 21. Nf5+ Kf6 22. Nxd4 Bd5 23. c4 Rc8 24. b3 b6 25. Nb5 a5 26. Nd6 Rc5 27. Ne4+ Bxe4 28. Rxe4 e5 29. Kd2 Rc7 30. Kc2 b5 31. Kb2 b4 32. Kc2 Ne6 33. Re1 a4 34. bxa4 Nd4+ 35. Kb2 Ra7 36. Rc1 Rxa4 37. c5 Ra7 38. c6 Rc7 39. Ba6 Rxc6 40. Rxc6+ Nxc6 41. Kb3 Ke6 42. Bb5 Nd4+ 43. Kxb4 Kd6 44. Bd3 f5 45. Kc4 h5 46. h3 Ne6 47. Bxf5 Nf4 48. g3 Ne2 49. g4 h4 50. a4 Nf4 51. Be4 Nxh3 52. a5 Nf2 53. a6 Kc7 54. a7 Nxe4 55. a8Q Nd6+ 56. Kd3 h3 57. Qh8 Kc6 58. Qxh3 Kd5 59. Qh6 Nf7 60. Qa6 Nd6 61. Qa5+ Ke6 62. Ke2 Kf6 63. Kd3 Ke6 64. Qb6 Kd5 65. Qa5+ Ke6 66. Qc5 Nb7 67. Qf8 Nd6 68. Qh6+ Kd5 69. Qxg5 Nb5 70. f4 1-0

[Event "Oceania zt"]
[Site "Gold Coast"]
[Date "1999.04.15"]
[Round "3"]
[White "Allen, Andrew"]
[Black "Wohl, Aleksandar H"]
[Result "0-1"]
[WhiteElo "2261"]
[BlackElo "2440"]
[PlyCount "156"]
[EventDate "1999.04.13"]
[EventType "swiss"]
[EventRounds "9"]
[EventCountry "AUS"]
[SourceTitle "CBM 069 Extra"]
[Source "ChessBase"]
[SourceDate "1999.05.10"]
[SourceVersion "1"]
[SourceVersionDate "1999.05.10"]
[SourceQuality "1"]

1. Nf3 c5 2. e4 Nc6 3. Bb5 Nf6 4. Bxc6 dxc6 5. d3 g6 6. Nc3 Bg7 7. Be3 b6 8. h3 Nd7 9. Qd2 e5 10. 0-0-0 h6 11. Nh2 Nf8 12. Ne2 Ne6 13. Rhf1 a5 14. Kb1 a4 15. g4 Ra7 16. Qe1 Qf6 17. Bd2 a3 18. b3 0-0 19. Bc3 Nd4 20. f3 Rd8 21. Nxd4 cxd4 22. Bd2 c5 23. h4 Qc6 24. h5 g5 25. Qe2 Ba6 26. Rc1 c4 27. Rfd1 cxd3 28. cxd3 Qb5 29. Be1 Bf8 30. Nf1 Bc5 31. Ng3 Rc8 32. Nh1 Rac7 33. Nf2 Qd7 34. Rc2 Rc6 35. Rdc1 Bb5 36. Bd2 Qd6 37. Qe1 Qf6 38. Qe2 R8c7 39. Qd1 Qd6 40. Qe1 Qe7 41. Ka1 Rf6 42. Qe2 Rcc6 43. Kb1 Bb4 44. Rxc6 Bxc6 45. Bxb4 Qxb4 46. Rc4 Qa5 47. Kc1 Bb5 48. Rc2 Qb4 49. Kd1 Bd7 50. Rc4 Qa5 51. Rc2 Qa6 52. Ke1 Qb5 53. Qd1 Rd6 54. Ke2 Be6 55. Nh1 Rc6 56. Qc1 Rc5 57. Ng3 Qb4 58. Qd2 Rxc2 59. Qxc2 Qc3 60. Kd1 Qa1+ 61. Kd2 Qg1 62. Nf5 Bxf5 63. exf5 Qe3+ 64. Kd1 Qxf3+ 65. Ke1 Qxg4 66. Qc8+ Kh7 67. Qd7 Qg1+ 68. Kd2 Qe3+ 69. Kc2 Qe2+ 70. Kc1 Qe1+ 71. Kc2 Qc3+ 72. Kd1 Qxd3+ 73. Kc1 Qc3+ 74. Kd1 Qa1+ 75. Kd2 Qxa2+ 76. Kd3 Qxb3+ 77. Ke4 a2 78. Kxe5 a1Q 0-1

[Event "Oceania zt"]
[Site "Gold Coast"]
[Date "1999.04.14"]
[Round "2"]
[White "Allen, Andrew"]
[Black "Johansen, Darryl Keith"]
[Result "1/2-1/2"]
[WhiteElo "2261"]
[BlackElo "2490"]
[PlyCount "134"]
[EventDate "1999.04.13"]
[EventType "swiss"]
[EventRounds "9"]
[EventCountry "AUS"]
[SourceTitle "CBM 069 Extra"]
[Source "ChessBase"]
[SourceDate "1999.05.10"]
[SourceVersion "1"]
[SourceVersionDate "1999.05.10"]
[SourceQuality "1"]

1. c4 e6 2. Nf3 Nf6 3. g3 b6 4. Bg2 Bb7 5. 0-0 d5 6. d4 dxc4 7. Qa4+ Nbd7 8. Qxc4 c5 9. Nc3 Rc8 10. Rd1 a6 11. dxc5 Bxc5 12. Qh4 b5 13. Ne5 Bxg2 14. Kxg2 Qe7 15. Bf4 Nxe5 16. Bxe5 Qb7+ 17. f3 Be7 18. Bd6 Rc4 19. Qg5 h6 20. Qd2 0-0 21. Bxe7 Qxe7 22. a3 Rfc8 23. Qe3 Qc7 24. Rd2 Qb8 25. Rd3 a5 26. b3 R4c5 27. Rad1 Re5 28. Qd2 b4 29. axb4 Qxb4 30. Qf4 Qxf4 31. gxf4 Rec5 32. Ne4 Nxe4 33. fxe4 Rc2 34. Kf3 R8c7 35. Ra1 R7c5 36. Ra4 g6 37. Rad4 Kg7 38. Ra4 Rb2 39. Re3 Rb5 40. h3 g5 41. fxg5 hxg5 42. Kg4 Kg6 43. h4 f5+ 44. exf5+ exf5+ 45. Kf3 gxh4 46. Rxh4 R2xb3 47. Rh8 Rxe3+ 48. Kxe3 Rb3+ 49. Kf4 Rb4+ 50. Kf3 Kf6 51. Ra8 Ra4 52. e3 Ke6 53. Re8+ Kd6 54. Rf8 Ra1 55. e4 a4 56. exf5 a3 57. Ra8 Ke5 58. Ra5+ Kf6 59. Kg2 Kg5 60. Kh2 Kg4 61. Kg2 Ra2+ 62. Kg1 Kg3 63. Kf1 Rf2+ 64. Kg1 Ra2 65. Kf1 Kf3 66. Ke1 Ke3 67. Kd1 Rf2 1/2-1/2

[Event "Doeberl Cup 37th"]
[Site "Canberra"]
[Date "1999.04.03"]
[Round "2"]
[White "Safarian, Alek"]
[Black "Allen, Andrew"]
[Result "0-1"]
[WhiteElo "2100"]
[BlackElo "2261"]
[PlyCount "66"]
[EventDate "1999.04.02"]
[EventType "swiss"]
[EventRounds "7"]
[EventCountry "AUS"]
[SourceTitle "CBM 069 Extra"]
[Source "ChessBase"]
[SourceDate "1999.05.10"]
[SourceVersion "1"]
[SourceVersionDate "1999.05.10"]
[SourceQuality "1"]

1. d4 Nf6 2. c4 c5 3. d5 b5 4. Nf3 g6 5. cxb5 a6 6. e4 Nxe4 7. Qc2 Nd6 8. Qxc5 axb5 9. Nc3 Bg7 10. Nxb5 0-0 11. Nc7 Na6 12. Bxa6 Bxa6 13. Nxa6 Rxa6 14. 0-0 Qa8 15. a3 Rc8 16. Qe3 Bf6 17. Ne5 Nf5 18. Qe2 Nd4 19. Qe4 Nb3 20. Rb1 Ra4 21. Qe3 Qxd5 22. Nxd7 Bd4 23. Qxe7 Ra6 24. Bg5 Re6 25. Qb4 Qxg5 26. Qxb3 Qe7 27. Qa4 Rd6 28. Rfd1 Qxd7 29. Qb3 Rd8 30. Re1 Qf5 31. Qg3 Re6 32. Qh4 Rde8 33. Rxe6 Qxb1+ 0-1

[Event "Sydney Challenge op"]
[Site "Sydney"]
[Date "1999.01.28"]
[Round "6"]
[White "Feldman, Vladimir"]
[Black "Allen, Andrew"]
[Result "1-0"]
[WhiteElo "2330"]
[BlackElo "2261"]
[PlyCount "126"]
[EventDate "1999.01.??"]
[EventType "swiss"]
[EventRounds "6"]
[EventCountry "AUS"]
[SourceTitle "EXT 2000"]
[Source "ChessBase"]
[SourceDate "1999.11.16"]
[SourceVersion "1"]
[SourceVersionDate "1999.11.16"]
[SourceQuality "1"]

1. d4 Nf6 2. c4 c5 3. d5 b5 4. cxb5 a6 5. bxa6 Bxa6 6. Nc3 g6 7. Nf3 d6 8. e4 Bxf1 9. Kxf1 Bg7 10. g3 0-0 11. Kg2 Nbd7 12. h3 Ra7 13. Re1 Qa8 14. Re2 Rb8 15. Bg5 Nb6 16. Qc2 Na4 17. Rb1 h6 18. Bc1 Nd7 19. Nxa4 Rxa4 20. b3 Ra6 21. Bf4 Rb7 22. Rd1 Rba7 23. a4 Rb7 24. e5 g5 25. e6 fxe6 26. dxe6 Nf6 27. Bc1 Rab6 28. Rd3 Rb8 29. Kg1 Rb4 30. Nd2 Ne4 31. Rde3 Nf6 32. Bb2 Rf8 33. Rf3 Qe8 34. Bc3 Rb8 35. Bxf6 Rxf6 36. Rxf6 Bxf6 37. Ne4 Bd4 38. g4 Qg6 39. Qc4 Be5 40. Qd5 h5 41. a5 hxg4 42. a6 Rf8 43. a7 Qe8 44. hxg4 Qa8 45. Qxa8 Rxa8 46. Ra2 Kg7 47. Kf1 Kg6 48. Ke2 c4 49. bxc4 Bd4 50. Kd3 Rxa7 51. Rxa7 Bxa7 52. f3 Bg1 53. Kc3 Be3 54. Kb4 Kg7 55. Kb5 Kf8 56. Kc6 Ke8 57. Kc7 Bf4 58. Kc8 Be3 59. Nc3 Bd2 60. Nd5 Ba5 61. Nc7+ Kf8 62. Kd7 Bxc7 63. Kxc7 Kg7 1-0

[Event "Sydney Challenge op"]
[Site "Sydney"]
[Date "1999.01.25"]
[Round "1"]
[White "Berezina, Irina"]
[Black "Allen, Andrew"]
[Result "1/2-1/2"]
[WhiteElo "2230"]
[BlackElo "2261"]
[PlyCount "55"]
[EventDate "1999.01.??"]
[EventType "swiss"]
[EventRounds "6"]
[EventCountry "AUS"]
[SourceTitle "EXT 2000"]
[Source "ChessBase"]
[SourceDate "1999.11.16"]
[SourceVersion "1"]
[SourceVersionDate "1999.11.16"]
[SourceQuality "1"]

1. d4 Nf6 2. Nf3 e6 3. e3 c5 4. Nbd2 d5 5. b3 Nc6 6. Bb2 Be7 7. a3 0-0 8. Bd3 b6 9. 0-0 Bb7 10. Qe2 Qc7 11. Ne5 Nxe5 12. dxe5 Nd7 13. f4 Rfd8 14. Qh5 g6 15. Qg4 c4 16. bxc4 Nc5 17. Be2 dxc4 18. Nxc4 Ne4 19. Bd3 b5 20. Nd6 Nxd6 21. exd6 Qxd6 22. e4 Rac8 23. Kh1 Rc5 24. Rad1 Qb6 25. Bc1 Rc3 26. Bb2 Rc5 27. Bc1 Rc3 28. Bb2 1/2-1/2

[Event "Australian op"]
[Site "Suncoast"]
[Date "1999.01.10"]
[Round "8"]
[White "Chapman, Mark"]
[Black "Allen, Andrew"]
[Result "1-0"]
[WhiteElo "2075"]
[BlackElo "2255"]
[PlyCount "79"]
[EventDate "1999.01.??"]
[EventType "swiss"]
[EventRounds "11"]
[EventCountry "AUS"]
[SourceTitle "CBM 068 Extra"]
[Source "ChessBase"]
[SourceDate "1999.03.01"]
[SourceVersion "1"]
[SourceVersionDate "1999.03.01"]
[SourceQuality "1"]

1. e4 c6 2. d4 d5 3. Nd2 dxe4 4. Nxe4 Nd7 5. Bd3 Ngf6 6. Ng5 e6 7. Qe2 Bd6 8. N1f3 h6 9. Ne4 Nxe4 10. Qxe4 Nf6 11. Qe2 b6 12. Bd2 Bb7 13. c4 Qe7 14. 0-0-0 0-0-0 15. Kb1 Kb8 16. a3 c5 17. Bc3 Rhe8 18. dxc5 Bxc5 19. Ne5 Ka8 20. Bc2 Qc7 21. f3 Rg8 22. Rxd8+ Rxd8 23. Rd1 Rxd1+ 24. Qxd1 a6 25. b4 Be3 26. g3 Ne8 27. f4 Nd6 28. Qe1 f6 29. Ng4 Nxc4 30. Nxe3 Nxa3+ 31. Kb2 Nxc2 32. Nxc2 Bd5 33. Ne3 Be4 34. Qd2 Kb7 35. Qd4 Qc6 36. Qd8 a5 37. Qe7+ Ka6 38. bxa5 Qb5+ 39. Qb4 Qe2+ 40. Bd2 1-0

[Event "Budapest FS10 IM-B"]
[Site "Budapest"]
[Date "1997.10.16"]
[Round "12"]
[White "Becher, Helmut"]
[Black "Allen, Andrew"]
[Result "0-1"]
[WhiteElo "2255"]
[BlackElo "2215"]
[PlyCount "64"]
[EventDate "1997.10.05"]
[EventType "tourn"]
[EventRounds "13"]
[EventCountry "HUN"]
[SourceTitle "CBM 061 Extra"]
[Source "ChessBase"]
[SourceDate "1998.03.09"]
[SourceVersion "1"]
[SourceVersionDate "1998.03.09"]
[SourceQuality "1"]

1. e4 c5 2. c3 Nf6 3. e5 Nd5 4. d4 cxd4 5. Nf3 e6 6. cxd4 b6 7. Nc3 Nxc3 8. bxc3 Qc7 9. Bd2 Bb7 10. Bd3 d6 11. 0-0 Nd7 12. Re1 dxe5 13. dxe5 Be7 14. Rc1 0-0-0 15. Qe2 Nc5 16. Nd4 Nxd3 17. Qxd3 h5 18. a4 h4 19. h3 Qd7 20. Qe2 Qd5 21. f3 Kb8 22. Kh1 Rc8 23. a5 Qxa5 24. Ra1 Qd5 25. Reb1 Rhd8 26. Ra4 Bc6 27. Rxa7 Kxa7 28. Ra1+ Kb8 29. Qa6 Bb7 30. Qa7+ Kc7 31. Be3 Ra8 32. Nxe6+ Qxe6 0-1

[Event "Budapest FS10 IM-B"]
[Site "Budapest"]
[Date "1997.10.15"]
[Round "11"]
[White "Allen, Andrew"]
[Black "Murzin, Lenar"]
[Result "0-1"]
[WhiteElo "2215"]
[BlackElo "2310"]
[PlyCount "80"]
[EventDate "1997.10.05"]
[EventType "tourn"]
[EventRounds "13"]
[EventCountry "HUN"]
[SourceTitle "CBM 061 Extra"]
[Source "ChessBase"]
[SourceDate "1998.03.09"]
[SourceVersion "1"]
[SourceVersionDate "1998.03.09"]
[SourceQuality "1"]

1. d4 Nf6 2. c4 e6 3. Nc3 Bb4 4. e3 0-0 5. Nge2 Re8 6. a3 Bf8 7. Ng3 d5 8. cxd5 exd5 9. Bd3 c6 10. 0-0 Nbd7 11. Bd2 Bd6 12. b4 Nf8 13. Nf5 Bc7 14. f3 g6 15. Ng3 Ne6 16. Re1 h5 17. Nf1 Qd6 18. Qb3 Ng7 19. b5 c5 20. dxc5 Qxc5 21. Rac1 Qd6 22. Na4 Bf5 23. Bb4 Qd8 24. Nc5 Rb8 25. Red1 Bb6 26. Kh1 h4 27. e4 Be6 28. Nxe6 Nxe6 29. exd5 Nd4 30. Qb2 Qxd5 31. Bc4 Qg5 32. Bd2 Qe5 33. Bc3 Rbd8 34. h3 Qf4 35. Qb1 Nd5 36. Ba1 Kh7 37. Qa2 Ne3 38. Nxe3 Rxe3 39. Qb2 Nf5 40. Rxd8 Re1+ 0-1

[Event "Budapest FS10 IM-B"]
[Site "Budapest"]
[Date "1997.10.14"]
[Round "10"]
[White "Dudas, Janos"]
[Black "Allen, Andrew"]
[Result "1-0"]
[WhiteElo "2400"]
[BlackElo "2215"]
[PlyCount "49"]
[EventDate "1997.10.05"]
[EventType "tourn"]
[EventRounds "13"]
[EventCountry "HUN"]
[SourceTitle "CBM 061 Extra"]
[Source "ChessBase"]
[SourceDate "1998.03.09"]
[SourceVersion "1"]
[SourceVersionDate "1998.03.09"]
[SourceQuality "1"]

1. d4 Nf6 2. Nf3 e6 3. Bf4 c5 4. e3 b6 5. c3 Bb7 6. Nbd2 Be7 7. Bd3 Nc6 8. h3 0-0 9. 0-0 Rc8 10. a3 d6 11. Bh2 Re8 12. Qe2 Bf8 13. Rac1 e5 14. dxe5 dxe5 15. Bf5 Ra8 16. Rfd1 Qe7 17. Ne4 Red8 18. Nxf6+ Qxf6 19. Be4 Bd6 20. Bg3 Qe6 21. Bxh7+ Kf8 22. Be4 Bc7 23. Ng5 Qh6 24. h4 g6 25. Qf3 1-0

[Event "Budapest FS10 IM-B"]
[Site "Budapest"]
[Date "1997.10.08"]
[Round "4"]
[White "Allen, Andrew"]
[Black "Ciornei, Dragos"]
[Result "1-0"]
[WhiteElo "2215"]
[BlackElo "2165"]
[PlyCount "55"]
[EventDate "1997.10.05"]
[EventType "tourn"]
[EventRounds "13"]
[EventCountry "HUN"]
[SourceTitle "CBM 061 Extra"]
[Source "ChessBase"]
[SourceDate "1998.03.09"]
[SourceVersion "1"]
[SourceVersionDate "1998.03.09"]
[SourceQuality "1"]

1. d4 Nf6 2. c4 c5 3. d5 e5 4. Nc3 d6 5. e4 Be7 6. g3 0-0 7. Bg2 Ne8 8. h4 Nd7 9. Nf3 Ndf6 10. Qe2 a6 11. a3 Bg4 12. Be3 Rc8 13. 0-0 g6 14. Qd3 Nxe4 15. Nxe4 f5 16. Nxc5 Rxc5 17. Bxc5 e4 18. Qe3 exf3 19. Bb6 fxg2 20. Rfe1 Qc8 21. Qxe7 Qxc4 22. Rac1 Qb5 23. Rc8 Bh3 24. Re2 Qxb6 25. Rxe8 Rxe8 26. Qxe8+ Kg7 27. Re7+ Kh6 28. g4 1-0

[Event "Budapest FS12 IM-B"]
[Site "Budapest"]
[Date "1997.??.??"]
[Round "3"]
[White "Allen, Andrew"]
[Black "Farago, Sandor"]
[Result "1/2-1/2"]
[WhiteElo "2215"]
[BlackElo "2330"]
[PlyCount "145"]
[EventDate "1997.??.??"]
[EventType "tourn"]
[EventRounds "11"]
[EventCountry "HUN"]
[SourceTitle "EXT 1999"]
[Source "ChessBase"]
[SourceDate "1998.11.16"]
[SourceVersion "1"]
[SourceVersionDate "1998.11.16"]
[SourceQuality "1"]

1. d4 Nf6 2. c4 g6 3. Nc3 Bg7 4. e4 d6 5. f3 0-0 6. Bg5 Nc6 7. Nge2 h6 8. Be3 e5 9. d5 Ne7 10. g4 Kh7 11. Ng3 Nfg8 12. Bd3 c6 13. h4 a6 14. h5 g5 15. Qd2 b5 16. b3 bxc4 17. bxc4 Rb8 18. 0-0 Nf6 19. Be2 Qa5 20. Rab1 Bd7 21. Ba7 Rxb1 22. Rxb1 Qc7 23. Bb6 Qc8 24. Be3 Qa8 25. Rb3 Rb8 26. Qb2 Rxb3 27. Qxb3 c5 28. Qb6 Nc8 29. Qb3 Qa7 30. Na4 Bf8 31. Bd2 Qc7 32. Kf2 Be7 33. Ke1 Bd8 34. Kd1 Ng8 35. Kc2 Nge7 36. Bd1 f6 37. Nf1 Kg7 38. Ne3 Kf7 39. Kb2 Qa7 40. Ka3 Bc7 41. Ng2 Nb6 42. Qc3 Ke8 43. Be3 Nec8 44. Ne1 Nxa4 45. Bxa4 Bxa4 46. Kxa4 Qb6 47. Bc1 Qb1 48. Qb2 Nb6+ 49. Kb3 Qxb2+ 50. Bxb2 Kd7 51. Nc2 Nc8 52. Ne3 Ne7 53. Bc3 Kc8 54. Ka4 Kb7 55. Bd2 Bd8 56. Bc3 Ka7 57. Kb3 Kb6 58. Nf1 Nc8 59. Kc2 Kb7 60. Kd3 Bb6 61. Bd2 Ne7 62. Ne3 Bd8 63. Bc3 Kc7 64. Bd2 Kb7 65. Nf5 Nxf5 66. exf5 Kb6 67. Ke4 Be7 68. Be1 Bd8 69. Bc3 Be7 70. Bd2 Bf8 71. Bc3 Be7 72. Bd2 Bf8 73. Bc3 1/2-1/2